[Event "COL-ch sf"]
[Site "Pereira"]
[Date "2024.03.30"]
[Round "9"]
[White "Valderrama Quiceno, Esteban Alberto"]
[Black "Garcia Pantoja, Roberto"]
[Result "1/2-1/2"]
[WhiteElo "2428"]
[BlackElo "2516"]
[PlyCount "25"]
[EventDate "2024.03.26"]
[EventType "swiss"]
[EventRounds "11"]
[EventCountry "COL"]
[SourceTitle "CB14_2024"]
[SourceDate "2024.04.01"]
[SourceVersion "1"]
[SourceVersionDate "2024.04.01"]
[SourceQuality "1"]

1. e4 c5 2. Nf3 d6 3. Bb5+ Bd7 4. Bxd7+ Qxd7 5. 0-0 Nf6 6. Re1 Nc6 7. c3 e6 8. d4 cxd4 9. cxd4 d5 10. e5 Ne4 11. Nbd2 Nxd2 12. Bxd2 Bb4 13. Bxb4 1/2-1/2

[Event "COL-ch sf"]
[Site "Pereira"]
[Date "2024.03.26"]
[Round "2"]
[White "Zapata Cuartas, Juan Carlos"]
[Black "Garcia Pantoja, Roberto"]
[Result "0-1"]
[WhiteElo "1987"]
[BlackElo "2516"]
[PlyCount "112"]
[EventDate "2024.03.26"]
[EventType "swiss"]
[EventRounds "11"]
[EventCountry "COL"]
[SourceTitle "CB14_2024"]
[SourceDate "2024.04.01"]
[SourceVersion "1"]
[SourceVersionDate "2024.04.01"]
[SourceQuality "1"]

1. d4 d5 2. c4 c6 3. Nf3 Nf6 4. Nc3 dxc4 5. a4 Bf5 6. e3 e6 7. Bxc4 Bb4 8. 0-0 0-0 9. Qe2 a5 10. Rd1 Ne4 11. Nxe4 Bxe4 12. Ne5 Nd7 13. Nxd7 Qxd7 14. Bd2 Bd6 15. Bc3 Qc7 16. h3 Qe7 17. Bd3 f5 18. Bxe4 fxe4 19. Qg4 Qf7 20. Rd2 Qf5 21. Qxf5 Rxf5 22. b3 Kf7 23. Rb2 Ke7 24. b4 Kd7 25. bxa5 Kc8 26. Rab1 Rf7 27. Kf1 Ra7 28. Ke2 Bc7 29. a6 Rxa6 30. Rxb7 Rxa4 31. R7b4 Ra2+ 32. R4b2 Ra6 33. Bb4 Rf5 34. Bc5 Rg5 35. g4 e5 36. dxe5 Bxe5 37. Bd4 Bc7 38. Rb3 g6 39. Rc3 Ra2+ 40. Kf1 Kd7 41. Rb7 Rb5 42. Ra7 Rxa7 43. Bxa7 Bd6 44. Rc4 c5 45. Ra4 Kc6 46. Ra6+ Kd5 47. Kg2 Bc7 48. h4 Ra5 49. Rxa5 Bxa5 50. Kf1 Bc7 51. Ke2 c4 52. f3 c3 53. Bd4 c2 54. fxe4+ Kc4 55. Kd2 Kb3 56. Kc1 Bd6 0-1

[Event "Medellin de La Raza op"]
[Site "Medellin"]
[Date "2023.10.16"]
[Round "9"]
[White "Garcia Pantoja, Roberto"]
[Black "Zapata Montoya, Andres Geronimo"]
[Result "1-0"]
[WhiteElo "2513"]
[BlackElo "2092"]
[PlyCount "35"]
[EventDate "2023.10.12"]
[EventType "swiss"]
[EventRounds "10"]
[EventCountry "COL"]
[SourceTitle "Mega2024 Update 01"]
[Source "Chessbase"]
[SourceDate "2023.11.12"]
[SourceVersion "1"]
[SourceVersionDate "2023.11.12"]
[SourceQuality "1"]

1. e4 c6 2. d3 d5 3. Nf3 dxe4 4. dxe4 Qd7 5. Qd2 Qxd2+ 6. Nbxd2 Nd7 7. a4 Ngf6 8. c3 h6 9. e5 Nb6 10. a5 Na4 11. Ng5 h5 12. Nb3 Nxb2 13. Nd2 Nd1 14. Ne6 Nb2 15. Rg1 a6 16. Rb1 Nd5 17. Nc5 f5 18. f4 1-0

[Event "Medellin de La Raza op"]
[Site "Medellin"]
[Date "2023.10.13"]
[Round "4"]
[White "Paredes Lagos, Anthony Javier"]
[Black "Garcia Pantoja, Roberto"]
[Result "1/2-1/2"]
[WhiteElo "2362"]
[BlackElo "2513"]
[PlyCount "31"]
[EventDate "2023.10.12"]
[EventType "swiss"]
[EventRounds "10"]
[EventCountry "COL"]
[SourceTitle "Mega2024 Update 01"]
[Source "Chessbase"]
[SourceDate "2023.11.12"]
[SourceVersion "1"]
[SourceVersionDate "2023.11.12"]
[SourceQuality "1"]

1. e4 c6 2. Nc3 d5 3. Nf3 Bg4 4. h3 Bxf3 5. Qxf3 e6 6. Be2 Nd7 7. d4 dxe4 8. Nxe4 Ngf6 9. 0-0 Nxe4 10. Qxe4 Nf6 11. Qd3 Bd6 12. a4 a5 13. Qb3 Qc7 14. Bd2 h6 15. Bf3 0-0 16. Rfe1 1/2-1/2

[Event "Rivera Hernandez Memorial"]
[Site "Rivera Huila"]
[Date "2023.07.23"]
[Round "9"]
[White "Mogollon Tobar, Nicolle Juliet"]
[Black "Garcia Pantoja, Roberto"]
[Result "0-1"]
[WhiteElo "1851"]
[BlackElo "2507"]
[PlyCount "86"]
[EventDate "2023.07.19"]
[EventType "swiss"]
[EventRounds "10"]
[EventCountry "COL"]
[SourceTitle "CBM 215 Extra"]
[Source "ChessBase"]
[SourceDate "2023.09.30"]
[SourceVersion "1"]
[SourceVersionDate "2023.09.30"]
[SourceQuality "1"]

1. e4 c6 2. Nc3 d5 3. Nf3 Bg4 4. h3 Bxf3 5. Qxf3 e6 6. Be2 Nd7 7. d4 dxe4 8. Nxe4 Ngf6 9. 0-0 Nxe4 10. Qxe4 Nf6 11. Qd3 Bd6 12. Rd1 h6 13. a4 a5 14. c3 0-0 15. Bf3 Qb6 16. Be3 Nd5 17. Qc2 Nxe3 18. fxe3 e5 19. Kh1 Rae8 20. e4 g6 21. d5 Rd8 22. Qe2 Kg7 23. Rab1 Bb8 24. dxc6 bxc6 25. Rdc1 Bd6 26. Qc4 Be7 27. Rc2 h5 28. b4 Rd6 29. b5 Rfd8 30. Qa2 cxb5 31. axb5 Bg5 32. c4 Be3 33. c5 Bxc5 34. Be2 Rd4 35. Rf1 R8d7 36. Qb3 Rxe4 37. Bc4 Rf4 38. Rcc1 Qf6 39. Rfd1 Rxd1+ 40. Qxd1 Be3 41. Rc2 Rf2 42. Rxf2 Qxf2 43. Bd5 a4 0-1

[Event "Rivera Hernandez Memorial"]
[Site "Rivera Huila"]
[Date "2023.07.22"]
[Round "7"]
[White "Garcia Pantoja, Roberto"]
[Black "Bobadilla Viera, Jorge Samuel"]
[Result "1/2-1/2"]
[WhiteElo "2507"]
[BlackElo "2388"]
[PlyCount "113"]
[EventDate "2023.07.19"]
[EventType "swiss"]
[EventRounds "10"]
[EventCountry "COL"]
[SourceTitle "CBM 215 Extra"]
[Source "ChessBase"]
[SourceDate "2023.09.30"]
[SourceVersion "1"]
[SourceVersionDate "2023.09.30"]
[SourceQuality "1"]

1. e4 e5 2. Nf3 Nc6 3. Bb5 a6 4. Ba4 Nf6 5. 0-0 Nxe4 6. d4 b5 7. Bb3 d5 8. dxe5 Be6 9. Nbd2 Be7 10. c3 0-0 11. Bc2 f5 12. Nb3 Qd7 13. Nfd4 Nxd4 14. Nxd4 c5 15. Nxe6 Qxe6 16. f3 Ng5 17. a4 g6 18. Qe2 Qc6 19. Bxg5 Bxg5 20. f4 Be7 21. h3 Rad8 22. axb5 axb5 23. Kh2 c4 24. Qf3 Qb6 25. b3 d4 26. bxc4 bxc4 27. Rfb1 Qc5 28. Rb7 d3 29. Bd1 Rb8 30. Raa7 Rxb7 31. Qxb7 Re8 32. Qd7 Kf8 33. Rc7 Qe3 34. Qd4 Qe1 35. Rxe7 Rxe7 36. Qd8+ Kf7 37. Bf3 Rxe5 38. fxe5 Qxe5+ 39. Kh1 Qe1+ 40. Kh2 Qe5+ 41. g3 Qxc3 42. Bd5+ Kg7 43. Qe7+ Kh6 44. Qh4+ Kg7 45. Qe7+ Kh6 46. h4 d2 47. Qg5+ Kg7 48. Qe7+ Kh6 49. Bg8 Qh8 50. Bxc4 d1Q 51. Qg5+ Kg7 52. Qe7+ Kh6 53. Qe3+ Kg7 54. Qe5+ Kh6 55. Qe3+ Kg7 56. Qe5+ Kh6 57. Qe3+ 1/2-1/2

[Event "Rivera Hernandez Memorial"]
[Site "Rivera Huila"]
[Date "2023.07.19"]
[Round "1"]
[White "Garcia Pantoja, Roberto"]
[Black "Mateus, Martha"]
[Result "1-0"]
[WhiteElo "2507"]
[BlackElo "2036"]
[PlyCount "47"]
[EventDate "2023.07.19"]
[EventType "swiss"]
[EventRounds "10"]
[EventCountry "COL"]
[SourceTitle "CBM 215 Extra"]
[Source "ChessBase"]
[SourceDate "2023.09.30"]
[SourceVersion "1"]
[SourceVersionDate "2023.09.30"]
[SourceQuality "1"]

1. e4 c5 2. Nf3 a6 3. Nc3 b5 4. d4 cxd4 5. Nxd4 e6 6. Bd3 Bb7 7. 0-0 d6 8. Re1 Nf6 9. a4 b4 10. Nd5 Nxd5 11. exd5 Bxd5 12. Qh5 e5 13. Rxe5+ dxe5 14. Qxe5+ Be7 15. Nf5 Rg8 16. Nxe7 Qxe7 17. Qxd5 Ra7 18. Bd2 Rd7 19. Qa8 Qd6 20. Re1+ Re7 21. Rxe7+ Kxe7 22. Qb7+ Kd8 23. Bxb4 Qe5 24. Bc3 1-0

[Event "Sabaneta op-A 2nd"]
[Site "Sabaneta Antioquia"]
[Date "2023.07.03"]
[Round "9"]
[White "Cori, Jorge Moise"]
[Black "Garcia Pantoja, Roberto"]
[Result "1/2-1/2"]
[WhiteElo "2636"]
[BlackElo "2507"]
[PlyCount "63"]
[EventDate "2023.06.28"]
[EventType "swiss"]
[EventRounds "9"]
[EventCountry "COL"]
[SourceTitle "CBM 215 Extra"]
[Source "ChessBase"]
[SourceDate "2023.09.30"]
[SourceVersion "1"]
[SourceVersionDate "2023.09.30"]
[SourceQuality "1"]

1. d4 Nf6 2. c4 e6 3. Nf3 d5 4. Nc3 Be7 5. Bg5 0-0 6. e3 h6 7. Bh4 b6 8. cxd5 exd5 9. Rc1 Be6 10. Bd3 c5 11. 0-0 Nc6 12. h3 a6 13. Bb1 Re8 14. Ne5 Rc8 15. Nxc6 Rxc6 16. dxc5 bxc5 17. Qc2 g6 18. Rfd1 Rd6 19. Qa4 Bd7 20. Qf4 Bc6 21. Qxh6 d4 22. exd4 cxd4 23. Ne2 Bf8 24. Qd2 Qa8 25. f3 d3 26. Bxd3 Bxf3 27. gxf3 Qxf3 28. Bxf6 Rxf6 29. Qg5 Bh6 30. Qxh6 Qf2+ 31. Kh1 Qf3+ 32. Kg1 1/2-1/2

[Event "Sabaneta op-A 2nd"]
[Site "Sabaneta Antioquia"]
[Date "2023.07.03"]
[Round "8"]
[White "Garcia Pantoja, Roberto"]
[Black "Rios Parra, Alejandro"]
[Result "1-0"]
[WhiteElo "2507"]
[BlackElo "2176"]
[PlyCount "97"]
[EventDate "2023.06.28"]
[EventType "swiss"]
[EventRounds "9"]
[EventCountry "COL"]
[SourceTitle "CBM 215 Extra"]
[Source "ChessBase"]
[SourceDate "2023.09.30"]
[SourceVersion "1"]
[SourceVersionDate "2023.09.30"]
[SourceQuality "1"]

1. e4 e5 2. Nf3 Nc6 3. Bb5 a6 4. Ba4 Nf6 5. 0-0 Be7 6. d3 d6 7. c4 Bg4 8. Re1 Nd7 9. h3 Bxf3 10. Qxf3 Nd4 11. Qg3 0-0 12. Bh6 Bf6 13. Bxd7 Qxd7 14. Na3 b5 15. Rac1 c5 16. Nc2 Kh8 17. Bd2 Nxc2 18. Rxc2 b4 19. Qg4 Qa4 20. b3 Qc6 21. a4 bxa3 22. Ra2 a5 23. Rxa3 a4 24. g3 Rfb8 25. bxa4 Rxa4 26. Rea1 Rxa3 27. Rxa3 Kg8 28. Kg2 Bd8 29. Bh6 Bf6 30. Ra7 Qc8 31. Bd2 Qxg4 32. hxg4 Kf8 33. g5 Bd8 34. Rd7 Be7 35. Kf3 Ke8 36. Ra7 Rb2 37. Ra8+ Kd7 38. Be3 Bd8 39. Ra1 Rb3 40. Rh1 Rxd3 41. Rxh7 Rc3 42. Rxg7 Ke6 43. g6 fxg6 44. Rxg6+ Kd7 45. g4 Rxc4 46. g5 Rb4 47. Rg8 Rb8 48. g6 Ke6 49. Rf8 1-0

[Event "Sabaneta op-A 2nd"]
[Site "Sabaneta Antioquia"]
[Date "2023.06.30"]
[Round "4"]
[White "Bobadilla Viera, Jorge Samuel"]
[Black "Garcia Pantoja, Roberto"]
[Result "1/2-1/2"]
[WhiteElo "2388"]
[BlackElo "2507"]
[PlyCount "45"]
[EventDate "2023.06.28"]
[EventType "swiss"]
[EventRounds "9"]
[EventCountry "COL"]
[SourceTitle "CBM 215 Extra"]
[Source "ChessBase"]
[SourceDate "2023.09.30"]
[SourceVersion "1"]
[SourceVersionDate "2023.09.30"]
[SourceQuality "1"]

1. d4 Nf6 2. c4 e6 3. Nf3 d5 4. g3 Be7 5. Bg2 0-0 6. 0-0 Nbd7 7. Qc2 c6 8. Nbd2 b6 9. e4 dxc4 10. Nxc4 Bb7 11. Bf4 c5 12. Rfe1 cxd4 13. Nd6 Bxd6 14. Bxd6 Rc8 15. Qd1 Re8 16. Qxd4 e5 17. Nxe5 Nxe5 18. Bxe5 Qxd4 19. Bxd4 Bxe4 20. Bxf6 Bxg2 21. Kxg2 gxf6 22. Rxe8+ Rxe8 23. Kf3 1/2-1/2

[Event "Sabaneta op-A 2nd"]
[Site "Sabaneta Antioquia"]
[Date "2023.06.30"]
[Round "5"]
[White "Garcia Pantoja, Roberto"]
[Black "Ramirez Alvarez, Alejandro"]
[Result "1-0"]
[WhiteElo "2507"]
[BlackElo "2572"]
[PlyCount "133"]
[EventDate "2023.06.28"]
[EventType "swiss"]
[EventRounds "9"]
[EventCountry "COL"]
[SourceTitle "CBM 215 Extra"]
[Source "ChessBase"]
[SourceDate "2023.09.30"]
[SourceVersion "1"]
[SourceVersionDate "2023.09.30"]
[SourceQuality "1"]

1. e4 e6 2. d4 d5 3. Nc3 Nf6 4. e5 Nfd7 5. f4 c5 6. Nf3 Nc6 7. Be3 Rb8 8. Qd2 Qa5 9. Be2 b5 10. 0-0 b4 11. Nd1 cxd4 12. Nxd4 Nxd4 13. Bxd4 Bc5 14. a3 Qb6 15. Bxc5 Qxc5+ 16. Nf2 a5 17. axb4 axb4 18. Kh1 Qb6 19. Bd3 Nc5 20. Ng4 h5 21. Nf2 Bd7 22. Qe3 g6 23. Qg3 Kf8 24. Qg5 Qd8 25. Qf6 Qxf6 26. exf6 Be8 27. Ra7 Nd7 28. Nh3 Nxf6 29. Ng5 Bd7 30. Rfa1 Kg7 31. Nf3 Rhd8 32. Ne5 Kg8 33. h3 Be8 34. Re7 Nd7 35. Rxe8+ Rxe8 36. Nxd7 Ra8 37. Re1 Re7 38. Ne5 b3 39. cxb3 Rb7 40. Bc2 Rc8 41. Re2 Rbc7 42. Bd3 Rb8 43. Bc2 Rbc8 44. Bd1 Rc1 45. Rd2 Ra1 46. Nd3 f6 47. Kh2 Kf7 48. g4 hxg4 49. hxg4 Ke7 50. g5 fxg5 51. fxg5 Kd6 52. Nf4 Rcc1 53. Bf3 Rg1 54. Bg2 Rgd1 55. Rf2 e5 56. Nxg6 e4 57. Rf6+ Kc5 58. Nf4 Ra8 59. g6 Rh8+ 60. Kg3 Rg8 61. Re6 Rd2 62. Re5 Kd6 63. Re6+ Kc5 64. Re5 Kd6 65. Rg5 Kc6 66. Nxd5 Rxg6 67. Ne7+ 1-0

[Event "Titled Tuesday intern op 11th Apr Early"]
[Site "Chess.com INT"]
[Date "2023.04.11"]
[Round "5"]
[White "Garcia Pantoja, Roberto"]
[Black "Ginzburg, Yakov"]
[Result "0-1"]
[WhiteElo "2507"]
[BlackElo "2405"]
[PlyCount "74"]
[EventDate "2023.04.11"]
[EventType "swiss (blitz)"]
[EventRounds "11"]
[EventCountry "USA"]
[SourceTitle "CBM 213 Extra"]
[Source "ChessBase"]
[SourceDate "2023.05.31"]
[SourceVersion "1"]
[SourceVersionDate "2023.05.31"]
[SourceQuality "1"]

1. e4 c5 2. Nf3 e6 3. d4 cxd4 4. Nxd4 Nf6 5. Nc3 Nc6 6. Ndb5 Bb4 7. a3 Bxc3+ 8. Nxc3 d5 9. exd5 exd5 10. Bd3 0-0 11. 0-0 d4 12. Ne2 h6 13. Ng3 Bg4 14. f3 Be6 15. Re1 Qd5 16. Bf4 Rad8 17. b4 a6 18. Ne4 Nh5 19. Bd2 Ne5 20. g4 f5 21. gxh5 Nxd3 22. cxd3 fxe4 23. fxe4 Qe5 24. Qe2 Bh3 25. Rac1 b6 26. Rc6 Rd5 27. Rg6 Qxh5 28. Qxh5 Rxh5 29. Rg3 g5 30. e5 g4 31. e6 Re5 32. Rxh3 Rxe1+ 33. Bxe1 gxh3 34. Bh4 Rf3 35. e7 Kf7 36. a4 b5 37. axb5 axb5 0-1

[Event "Titled Tuesday intern op 11th Apr Early"]
[Site "Chess.com INT"]
[Date "2023.04.11"]
[Round "3"]
[White "Garcia Pantoja, Roberto"]
[Black "Grot, Blazej"]
[Result "0-1"]
[WhiteElo "2507"]
[BlackElo "1990"]
[PlyCount "40"]
[EventDate "2023.04.11"]
[EventType "swiss (blitz)"]
[EventRounds "11"]
[EventCountry "USA"]
[SourceTitle "CBM 213 Extra"]
[Source "ChessBase"]
[SourceDate "2023.05.31"]
[SourceVersion "1"]
[SourceVersionDate "2023.05.31"]
[SourceQuality "1"]

1. e4 c5 2. Nc3 e6 3. d4 cxd4 4. Qxd4 Nc6 5. Qe3 Nf6 6. Bd2 Be7 7. 0-0-0 d5 8. exd5 exd5 9. Qg3 d4 10. Nb5 0-0 11. Qc7 Qd5 12. c4 Qf5 13. Qf4 Ne4 14. Qxf5 Bxf5 15. Bd3 Ne5 16. Bxe4 Bxe4 17. f3 Bg6 18. Bf4 Nd3+ 19. Rxd3 Bxd3 20. b3 Bf1 0-1

[Event "Titled Tuesday intern op 14th Mar Late"]
[Site "Chess.com INT"]
[Date "2023.03.14"]
[Round "2"]
[White "Daneshvar, Bardiya"]
[Black "Garcia Pantoja, Roberto"]
[Result "1-0"]
[WhiteElo "2535"]
[BlackElo "2507"]
[PlyCount "73"]
[EventDate "2023.03.14"]
[EventType "swiss (blitz)"]
[EventRounds "11"]
[EventCountry "USA"]
[SourceTitle "EXT 2024"]
[Source "ChessBase"]
[SourceDate "2023.10.10"]
[SourceVersion "1"]
[SourceVersionDate "2023.10.10"]
[SourceQuality "1"]

1. b3 e5 2. Bb2 Nc6 3. e3 Nf6 4. Bb5 Bd6 5. Na3 Na5 6. Be2 c6 7. d4 e4 8. c4 Bb4+ 9. Kf1 Be7 10. Nc2 b5 11. cxb5 cxb5 12. Bxb5 0-0 13. d5 Re8 14. Ne2 Rb8 15. Nc3 Bd6 16. Be2 Be5 17. Qd2 d6 18. Nd4 Bd7 19. h3 Qb6 20. Rd1 Rbc8 21. g4 h6 22. Rg1 Rc5 23. g5 Bxh3+ 24. Ke1 hxg5 25. Na4 Qc7 26. Nxc5 dxc5 27. Nb5 Qd8 28. Bxe5 Rxe5 29. d6 Nc6 30. Qc3 Qd7 31. Nc7 Rf5 32. Bb5 Ng4 33. Bxc6 Qxc6 34. d7 Nxf2 35. d8Q+ Kh7 36. Rxg5 Nxd1 37. Qxg7# 1-0

[Event "Titled Tuesday intern op 14th Mar Late"]
[Site "Chess.com INT"]
[Date "2023.03.14"]
[Round "4"]
[White "Garcia Pantoja, Roberto"]
[Black "Biriukov, Ilja"]
[Result "1-0"]
[WhiteElo "2507"]
[BlackElo "2311"]
[PlyCount "43"]
[EventDate "2023.03.14"]
[EventType "swiss (blitz)"]
[EventRounds "11"]
[EventCountry "USA"]
[SourceTitle "EXT 2024"]
[Source "ChessBase"]
[SourceDate "2023.10.10"]
[SourceVersion "1"]
[SourceVersionDate "2023.10.10"]
[SourceQuality "1"]

1. e4 c5 2. Nf3 d6 3. d4 cxd4 4. Nxd4 Nf6 5. Nc3 a6 6. Bg5 e6 7. f4 Be7 8. Qf3 Qc7 9. 0-0-0 Nbd7 10. Bd3 h6 11. Bh4 g5 12. e5 dxe5 13. Nxe6 fxe6 14. Bg6+ Kf8 15. fxg5 hxg5 16. Bxg5 Kg7 17. Qg3 Nf8 18. Bd3 Nh5 19. Qg4 Bxg5+ 20. Qxg5+ Kf7 21. Rhf1+ Ke8 22. Bg6+ 1-0

[Event "Titled Tuesday intern op 14th Mar Late"]
[Site "Chess.com INT"]
[Date "2023.03.14"]
[Round "7"]
[White "Garcia Pantoja, Roberto"]
[Black "Bortnyk, Olexandr"]
[Result "0-1"]
[WhiteElo "2507"]
[BlackElo "2605"]
[PlyCount "70"]
[EventDate "2023.03.14"]
[EventType "swiss (blitz)"]
[EventRounds "11"]
[EventCountry "USA"]
[SourceTitle "EXT 2024"]
[Source "ChessBase"]
[SourceDate "2023.10.10"]
[SourceVersion "1"]
[SourceVersionDate "2023.10.10"]
[SourceQuality "1"]

1. e4 Nf6 2. e5 Nd5 3. d4 d6 4. Nf3 dxe5 5. Nxe5 c6 6. Be2 Bf5 7. 0-0 Nd7 8. Nf3 e6 9. c4 N5f6 10. Nc3 Bd6 11. Nh4 Bg6 12. g3 0-0 13. Nxg6 hxg6 14. Be3 e5 15. Bf3 exd4 16. Qxd4 Bc5 17. Qd2 Bxe3 18. Qxe3 Re8 19. Qf4 Ne5 20. Bg2 Nh5 21. Qe4 Nd3 22. Qf3 Nxb2 23. Rab1 Nxc4 24. Rxb7 Nf6 25. Qxc6 Na5 26. Qb5 Nxb7 27. Qxb7 Qa5 28. Nd5 Rab8 29. Nxf6+ gxf6 30. Qc6 Re6 31. Qc4 Re5 32. h4 Kg7 33. Bf3 Re1 34. Rxe1 Qxe1+ 35. Kg2 Rb1 0-1

[Event "Titled Tuesday intern op 14th Mar Early"]
[Site "Chess.com INT"]
[Date "2023.03.14"]
[Round "2"]
[White "Garcia Pantoja, Roberto"]
[Black "Caruana, Fabiano"]
[Result "0-1"]
[WhiteElo "2507"]
[BlackElo "2766"]
[PlyCount "84"]
[EventDate "2023.03.14"]
[EventType "swiss (blitz)"]
[EventRounds "11"]
[EventCountry "USA"]
[SourceTitle "EXT 2024"]
[Source "ChessBase"]
[SourceDate "2023.10.10"]
[SourceVersion "1"]
[SourceVersionDate "2023.10.10"]
[SourceQuality "1"]

1. e4 c5 2. Nf3 e6 3. d4 cxd4 4. Nxd4 a6 5. c4 Nf6 6. Nc3 Qc7 7. Be2 b6 8. 0-0 Bb7 9. f3 Nc6 10. Be3 Bd6 11. f4 Bc5 12. Qd3 d6 13. Rad1 0-0 14. Nc2 Rad8 15. a3 Ne7 16. Kh1 Ng6 17. b4 Bxe3 18. Nxe3 e5 19. f5 Nf4 20. Qc2 b5 21. Ncd5 Bxd5 22. exd5 Rc8 23. Rc1 Qa7 24. Rf3 bxc4 25. Bxc4 N4xd5 26. Nxd5 Nxd5 27. Qd2 Nf6 28. Rff1 Rfd8 29. Qe2 a5 30. b5 d5 31. Ba2 Qe7 32. Qb2 h5 33. a4 e4 34. Qd4 Qd6 35. Rb1 Ng4 36. g3 Rc2 37. Rb2 Rxb2 38. Qxb2 Qc5 39. Rc1 Qe3 40. b6 Nf2+ 41. Kg2 Qf3+ 42. Kf1 Nd3+ 0-1

[Event "Titled Tuesday intern op 14th Mar Early"]
[Site "Chess.com INT"]
[Date "2023.03.14"]
[Round "11"]
[White "Garcia Pantoja, Roberto"]
[Black "Shevtchenko, Olesya"]
[Result "1-0"]
[WhiteElo "2507"]
[BlackElo "2054"]
[PlyCount "125"]
[EventDate "2023.03.14"]
[EventType "swiss (blitz)"]
[EventRounds "11"]
[EventCountry "USA"]
[SourceTitle "EXT 2024"]
[Source "ChessBase"]
[SourceDate "2023.10.10"]
[SourceVersion "1"]
[SourceVersionDate "2023.10.10"]
[SourceQuality "1"]

1. e4 c6 2. d4 d5 3. f3 e6 4. Nc3 b5 5. h4 Nf6 6. e5 Nfd7 7. f4 h5 8. f5 exf5 9. Nf3 b4 10. Ne2 Be7 11. Nf4 Nf8 12. Bd3 Ne6 13. 0-0 Nxf4 14. Bxf4 Bxh4 15. Nxh4 Qxh4 16. Qd2 Be6 17. Qxb4 Nd7 18. Qd6 Qe7 19. Qxc6 0-0 20. c3 Nb6 21. Qc5 Qxc5 22. dxc5 Na4 23. b4 Nxc3 24. Rfc1 d4 25. Bd2 Nxa2 26. Rc2 Nc3 27. Bxc3 dxc3 28. Rxc3 Rfc8 29. b5 f4 30. Be4 Rab8 31. Bc6 Rc7 32. Ra5 g5 33. Rca3 Bc4 34. Rxa7 Rxa7 35. Rxa7 Bxb5 36. Rb7 Rc8 37. Bxb5 Rxc5 38. Be8 Rxe5 39. Bxf7+ Kg7 40. Bxh5+ Kh6 41. Bf3 Kg6 42. Kh2 Re1 43. Rb6+ Kf5 44. Rb5+ Kg6 45. Bg4 Rc1 46. Rb6+ Kg7 47. Bf3 Kf7 48. Kh3 Rc5 49. Kg4 Kg7 50. Be4 Re5 51. Bf3 Kf7 52. Rd6 Kg7 53. Rd5 Rxd5 54. Bxd5 Kf6 55. Be4 Ke5 56. Bc2 Kf6 57. Bd3 Ke5 58. Kxg5 Kd4 59. Kxf4 Kxd3 60. g4 Kd4 61. g5 Kd5 62. Kf5 Kd6 63. Kf6 1-0

[Event "Titled Tuesday intern op 14th Mar Early"]
[Site "Chess.com INT"]
[Date "2023.03.14"]
[Round "1"]
[White "Kraus, Tomas"]
[Black "Garcia Pantoja, Roberto"]
[Result "0-1"]
[WhiteElo "2486"]
[BlackElo "2507"]
[PlyCount "32"]
[EventDate "2023.03.14"]
[EventType "swiss (blitz)"]
[EventRounds "11"]
[EventCountry "USA"]
[SourceTitle "EXT 2024"]
[Source "ChessBase"]
[SourceDate "2023.10.10"]
[SourceVersion "1"]
[SourceVersionDate "2023.10.10"]
[SourceQuality "1"]

1. e4 c5 2. Nc3 d6 3. f4 g6 4. Nf3 Bg7 5. g3 Nc6 6. Bg2 e6 7. 0-0 Nge7 8. d3 0-0 9. Be3 Nd4 10. e5 Nxf3+ 11. Qxf3 Nf5 12. Bf2 Rb8 13. Ne4 dxe5 14. fxe5 b6 15. g4 Nd4 16. Qg3 Ne2+ 0-1

[Event "Titled Tuesday intern op 14th Mar Early"]
[Site "Chess.com INT"]
[Date "2023.03.14"]
[Round "7"]
[White "Levitan, Caleb Levi"]
[Black "Garcia Pantoja, Roberto"]
[Result "0-1"]
[WhiteElo "2007"]
[BlackElo "2507"]
[PlyCount "66"]
[EventDate "2023.03.14"]
[EventType "swiss (blitz)"]
[EventRounds "11"]
[EventCountry "USA"]
[SourceTitle "EXT 2024"]
[Source "ChessBase"]
[SourceDate "2023.10.10"]
[SourceVersion "1"]
[SourceVersionDate "2023.10.10"]
[SourceQuality "1"]

1. b3 e5 2. Bb2 Nc6 3. g3 d5 4. Bg2 f5 5. d4 e4 6. Nd2 Nf6 7. e3 Bd6 8. Ne2 Ne7 9. c4 c6 10. a4 Bb4 11. Bc3 a5 12. Bxb4 axb4 13. h4 0-0 14. 0-0 Ng4 15. Nf4 Ng6 16. Nxg6 hxg6 17. Bh3 g5 18. Bxg4 fxg4 19. hxg5 Qxg5 20. Kg2 Be6 21. Qe2 Rf3 22. Rh1 Raf8 23. Raf1 R8f6 24. cxd5 Bxd5 25. Nc4 Qf5 26. Ne5 Bxb3 27. Rh4 Be6 28. Rxg4 Rh6 29. Rh1 Rxh1 30. Kxh1 Rxf2 31. Rf4 Rxe2 32. Rxf5 Bxf5 33. d5 cxd5 0-1

[Event "Palmira Fortalece Sede"]
[Site "Palmira"]
[Date "2022.12.17"]
[Round "8"]
[White "Delgado Ramirez, Neuris"]
[Black "Garcia Pantoja, Roberto"]
[Result "1/2-1/2"]
[WhiteElo "2572"]
[BlackElo "2512"]
[PlyCount "20"]
[EventDate "2022.12.13"]
[EventType "swiss"]
[EventRounds "10"]
[EventCountry "COL"]
[SourceTitle "CBM 211 Extra"]
[Source "ChessBase"]
[SourceDate "2023.01.31"]
[SourceVersion "1"]
[SourceVersionDate "2023.01.31"]
[SourceQuality "1"]

1. e4 c5 2. Nf3 d6 3. Bb5+ Bd7 4. Bxd7+ Qxd7 5. 0-0 Nc6 6. c4 Nf6 7. Nc3 g6 8. d3 Bg7 9. h3 0-0 10. Be3 a6 1/2-1/2

[Event "Palmira Fortalece Sede"]
[Site "Palmira"]
[Date "2022.12.16"]
[Round "7"]
[White "Garcia Pantoja, Roberto"]
[Black "Herrera, Juan Sebastian"]
[Result "1-0"]
[WhiteElo "2512"]
[BlackElo "2316"]
[PlyCount "91"]
[EventDate "2022.12.13"]
[EventType "swiss"]
[EventRounds "10"]
[EventCountry "COL"]
[SourceTitle "CBM 211 Extra"]
[Source "ChessBase"]
[SourceDate "2023.01.31"]
[SourceVersion "1"]
[SourceVersionDate "2023.01.31"]
[SourceQuality "1"]

1. d4 Nf6 2. c4 g6 3. Nc3 Bg7 4. e4 d6 5. h3 0-0 6. Be3 c5 7. Nf3 Qa5 8. Bd3 Nc6 9. d5 Nb4 10. Be2 e5 11. Nd2 Ne8 12. a3 Na6 13. g4 f5 14. f3 Qd8 15. h4 fxg4 16. fxg4 Nac7 17. g5 a6 18. a4 b6 19. Ndb1 Rb8 20. Kd2 Bd7 21. Na3 Bh8 22. h5 Ng7 23. hxg6 hxg6 24. Rh6 Be8 25. Qh1 Nh5 26. Bxh5 gxh5 27. g6 Bg7 28. Qxh5 Qe7 29. Rh7 Rf4 30. Bxf4 exf4 31. Rh1 Qf6 32. Rh8+ Bxh8 33. Qh7+ Kf8 34. Qxh8+ Qxh8 35. Rxh8+ Kg7 36. Rh7+ Kf6 37. Rxc7 Bxg6 38. Ne2 Kg5 39. Rg7 Rf8 40. Nc2 Rf6 41. Nc3 Kh4 42. Ke1 f3 43. Kf2 Kg5 44. Ne3 Kf4 45. Rg8 Kg5 46. e5 1-0